Pensar la democracia: valores y medios de comunicación social /
Los medios de comunicación, en los últimos años, tienen como tema central la democratización, es así como, tan sólo con pensar en Costa Rica se piensa en una democracia institucional y legitimada en el discurso cotidiano, marcado por los límites de una autocensura asumida colectivamente y por el esf...
Uloženo v:
| Hlavní autor: | |
|---|---|
| Médium: | Text |
| Témata: | |
| Tagy: |
Přidat tag
Žádné tagy, Buďte první, kdo vytvoří štítek k tomuto záznamu!
|
MARC
| LEADER | 00000 a a2200000 04500 | ||
|---|---|---|---|
| 001 | 14852 | ||
| 003 | |||
| 040 | |||
| 100 | |a Pérez Yglesias, María | ||
| 245 | |a Pensar la democracia: |b valores y medios de comunicación social / |c María Pérez Yglesias | ||
| 520 | |a Los medios de comunicación, en los últimos años, tienen como tema central la democratización, es así como, tan sólo con pensar en Costa Rica se piensa en una democracia institucional y legitimada en el discurso cotidiano, marcado por los límites de una autocensura asumida colectivamente y por el esfuerzo de diversas instancias sociales tales como: la familia, la escuela, las organizaciones y, sobre todo, los medios de comunicación, para reproducir, transmitir y ajustar una imagen nacional democrática. Pero se nota un fuerte desfase entre el discurso de la democracia, reproducido cada día por los medios informativos y las acciones democráticas. Cualquier propuesta de mejoramiento debe apoyarse en la conciencia de este desequilibrio y la transformación, tanto del sistema político como de los valores y estilo de vida que sustentan. El artículo trata sobre las tendencias democráticas en el mundo actual, la democratización de la comunicación internacional la democracia como sistema político, valor social y estilo de vida y, por supuesto, los riesgos que ésta pueda acarrear. HB/JM | ||
| 650 | |a SISTEMAS POLITICOS | ||
| 650 | |a DEMOCRATIZACION | ||
| 650 | |a DEMOCRACIA | ||
| 650 | |a MEDIOS DE COMUNICACION | ||
| 650 | |a PUB.IIS | ||
| 773 | |g número 48; páginas 67-77 | ||
| 999 | |c 22351 |d 22351 | ||
| 773 | 0 | |0 18728 |9 3081 |a Universidad de Costa Rica |d San José, Costa Rica Editorial UCR 1956- |o 16868 |t Revista de Ciencias Sociales/ |x 04825276 | |
